000 00365nam a2200145Ia 4500
005 20260328104246.0
008 260328s9999||||xx |||||||||||||| ||und||
100 _aILPES
245 0 _aGuia para la presentacion de Proyectos /
_cILPES
250 _a1a ed.
260 _bSiglo Veintiuno
300 _a230 p.
650 _aCONSTRUCCIÓN - PLANEAMIENTO
942 _cBK
999 _c10080
_d10080